Ekonomický Vývoj Žilinského samosprávneho kraja v čase hospodárskej krízy

Charakteristika Žilinského kraja. Vybrané makroekonomické ukazovatele Žilinského samosprávneho kraja, ich vývoj v čase pred a počas hospodárskej krízy.

Salvato in:
Dettagli Bibliografici
Autore principale: Ondrušek, Miloš
Altri autori: Štoberová, Júlia
Natura: Capitolo di libro
Lingua:slovacco
Soggetti:
Tags: Aggiungi Tag
Nessun Tag, puoi essere il primo ad aggiungerne!!

MARC

LEADER 00000naa a2200000 4500
001 0143550
005 20231204133125.4
041 0 |a slo 
044 |a SK 
245 1 0 |a Ekonomický Vývoj Žilinského samosprávneho kraja v čase hospodárskej krízy  |c Miloš Ondrušek, Júlia Štoberová 
520 |a Charakteristika Žilinského kraja. Vybrané makroekonomické ukazovatele Žilinského samosprávneho kraja, ich vývoj v čase pred a počas hospodárskej krízy. 
610 2 0 |a kríza hospodárska 
610 2 0 |a Slovensko 
610 2 0 |a regióny 
610 2 0 |a ukazovatele makroekonomické 
610 2 0 |a situácia hospodárska 
100 1 |a Ondrušek, Miloš 
700 1 |a Štoberová, Júlia